000 00586nam a22002537a 4500
003 UA-OsUOA
001 28953
007 ta
008 20050518b un ||||| |||| 00| 0 ukr d
100 _aБачо Янош
090 _a94(4)"1939/1945"
_bБ32
942 _cBK
040 _aUA-OsUOA
_brus
_cUA-OsUOA
_dUA-OsUOA
245 _aНацизм
300 _a544 с.
955 _a0
041 _arus
080 _a94(4)"1939/1945"
020 _a5-699-06552-0
260 _aМ.
_bЯуза, Эксмо
_c2004
044 _aRU
650 7 _2UDC
999 _c315329
_d315329